LEADER 01327nam0 22003493i 450 001 RMS1499750 005 20251003044345.0 010 $a3764374462 010 $a9783764374464 100 $a20081107d2005 ||||0itac50 ba 101 | $aeng 102 $ach 181 1$6z01$ai $bxxxe 182 1$6z01$an 200 1 $aInfinite groups$egeometric, combinatorial and dynamical aspects$fLaurent Bartholdi, Tullio Ceccherini-Silberstein ... [et al.] editors 210 $aBasel$aBoston$aBerlin$cBirkhauser$dc2005 215 $a[VII], 413 p.$d24 cm. 225 | $aProgress in mathematics$v248 410 0$1001MIL0011585$12001 $aProgress in mathematics$v248 606 $aGruppi $2FIR$3CFIC028874$9I 676 $a512$9ALGEBRA$v14 676 $a512.2$9ALGEBRA. GRUPPI E TEORIA DEI GRUPPI$v22 702 1$aBartholdi$b, Laurent$f <1973- >$3RMSV616459 702 1$aCeccherini-Silberstein$b, Tullio$f <1966->$3RMSV616460 801 3$aIT$bIT-000000$c20081107 850 $aIT-BN0095 901 $bNAP 01$cSALA DING $n$ 912 $aRMS1499750 950 0$aBiblioteca Centralizzata di Ateneo$c1 v.$d 01SALA DING 512 INFG$e 0102 0000058825 VMA A4 1 v.$fY $h20060323$i20060323 977 $a 01 996 $aInfinite groups$91396464 997 $aUNISANNIO